| 000 | 01198nam2a2200325 4500 | ||
|---|---|---|---|
| 001 | RU\NLR\bibl\357598 | ||
| 005 | 20250621155617.0 | ||
| 010 | _a5-275-00591-1 | ||
| 021 |
_aRU _b2002-52820 _92561 |
||
| 035 | _a(NLR Aleph) 000352240 | ||
| 090 |
_a283276 _c283276 |
||
| 100 | _a20021226d2002 |||y0rusy50 ca | ||
| 101 | 1 |
_arus _cfre |
|
| 102 | _aRU | ||
| 105 | _ay ||||||||| | ||
| 200 | 1 |
_aЧеловек, который смеется _eРоман _f[Пер. с фр. Б. Лившица] |
|
| 210 |
_d2002 _aБ. м. |
||
| 215 | _a686,[1] с. | ||
| 461 | 0 |
_1001RU\NLR\bibl\285827 _12001#$aСобрание сочинений$vТ. 7 _91645867 _aГюго, В. (1802-1885) _cМ. _d2001 _fВиктор Гюго _nТерра - кн. клуб _oВ 14 т. : [Пер. с фр.] _tСобрание сочинений _y5-275-00269-6 _vТ. 7 |
|
| 610 | 0 | _aАнглия, 16-17 вв. (х. л.) | |
| 675 |
_a821.133.1Гюго2 _v3 _zrus |
||
| 675 |
_a821.133.1-31Гюго _v3 _zrus |
||
| 686 |
_a17.82 _2rugasnti |
||
| 686 |
_a84(4Фра)-44 _2rubbk |
||
| 801 | 0 |
_aRU _bRKP _c20021226 _gPSBO |
|
| 801 | 1 |
_aRU _bRKP _c20021226 |
|
| 801 | 2 |
_aRU _bNLR _c20030204 _grcr |
|
| 942 | _cBOOK | ||
| 980 | _aNB | ||